| 000 | 00682nam a2200205Ia 4500 | ||
|---|---|---|---|
| 003 | OSt | ||
| 005 | 20250818143828.0 | ||
| 020 | _a978-93-85915-48-2 | ||
| 040 | _cLC | ||
| 050 |
_aQM 23 .C 354 2016 V.3 _b1 |
||
| 100 | _aCHIEF EDITOR: KRISHNA GARG | ||
| 245 | 0 | _a BD CHAURASIA'S HUMAN ANATOMY : REGIONAL AND APPLIED, DISSECTION AND CLINICAL:HEAD AND NECK | |
| 250 | _a7 | ||
| 260 |
_aNEW DELHI, _bCBS PUBLISHERS & DISTRIBUTORS PVT LTD, _c2016, |
||
| 300 | _aXiV, 338 P, ILL | ||
| 500 | _aINCLUDES BIBLIOGRAPHICAL REFERENCES AND INDEX | ||
| 650 | _a Medical Sciences, Biology Textbook | ||
| 700 | _aEDITORS: PRAGATI SHEEL MITTAL, MRUDULA CHANDRUPATLA | ||
| 942 |
_cBK _2lcc _n0 |
||
| 999 |
_c192811 _d192811 |
||